000 00498nam a2200193Ia 4500
005 20240823015434.0
008 240823s9999||||xx |||||||||||||| ||und||
020 _a81-8014-023-7
041 _aENGLISH
082 _A621.3 P3
100 _aPalanichamy C
245 0 _aLaboratory and Simulative Experiments in Electrical Engineering
250 _a1st
260 _c2003
_b"Standard Pub,"
_aDelhi
500 _aTRANSFERED
650 _aElectrical
_bElectrical
942 _cBK
999 _c172422
_d172422